Statistiques concernant De 1 à 9 le plus de fois

Cliquez ici pour prendre le quiz!

Statistiques générales

  • Ce quiz a été pris 80 fois
  • Le résultat moyen est 365 sur 450

Statistiques - réponses

Nombres% Correct
1
100%
2
100%
3
100%
4
98%
5
95%
6
95%
7
95%
8
95%
9
95%
1
94%
1
92%
2
92%
2
92%
3
92%
3
92%
4
92%
4
92%
5
92%
5
92%
6
92%
6
92%
7
92%
7
92%
8
92%
8
92%
9
92%
1
91%
1
91%
1
91%
1
91%
1
91%
1
91%
1
91%
2
91%
2
91%
2
91%
2
91%
2
91%
2
91%
2
91%
3
91%
3
91%
3
91%
3
91%
3
91%
3
91%
3
91%
4
91%
4
91%
4
91%
4
91%
4
91%
4
91%
4
91%
5
91%
5
91%
5
91%
5
91%
5
91%
5
91%
5
91%
6
91%
6
91%
6
91%
6
91%
6
91%
6
91%
6
91%
7
91%
7
91%
7
91%
7
91%
7
91%
7
91%
8
91%
8
91%
8
91%
8
91%
8
91%
8
91%
9
91%
9
91%
9
91%
9
91%
9
91%
9
91%
9
91%
1
89%
1
89%
1
89%
1
89%
1
89%
1
89%
1
89%
1
89%
1
89%
1
89%
1
89%
1
89%
2
89%
2
89%
2
89%
2
89%
2
89%
2
89%
2
89%
2
89%
2
89%
2
89%
2
89%
2
89%
3
89%
3
89%
3
89%
3
89%
3
89%
3
89%
3
89%
3
89%
3
89%
3
89%
3
89%
3
89%
4
89%
4
89%
4
89%
4
89%
4
89%
4
89%
4
89%
4
89%
4
89%
4
89%
4
89%
4
89%
5
89%
5
89%
5
89%
5
89%
5
89%
5
89%
5
89%
5
89%
5
89%
5
89%
5
89%
5
89%
6
89%
6
89%
6
89%
6
89%
6
89%
6
89%
6
89%
6
89%
6
89%
6
89%
6
89%
6
89%
7
89%
7
89%
7
89%
7
89%
7
89%
7
89%
7
89%
7
89%
7
89%
7
89%
7
89%
7
89%
7
89%
8
89%
8
89%
8
89%
8
89%
8
89%
8
89%
8
89%
8
89%
8
89%
8
89%
8
89%
8
89%
9
89%
9
89%
9
89%
9
89%
9
89%
9
89%
9
89%
9
89%
9
89%
9
89%
9
89%
9
89%
1
88%
1
88%
1
88%
1
88%
2
88%
2
88%
2
88%
2
88%
3
88%
3
88%
3
88%
3
88%
4
88%
4
88%
4
88%
4
88%
5
88%
5
88%
5
88%
5
88%
6
88%
6
88%
6
88%
7
88%
7
88%
7
88%
8
88%
8
88%
8
88%
8
88%
9
88%
9
88%
9
88%
9
88%
1
86%
1
86%
2
86%
2
86%
3
86%
3
86%
4
86%
4
86%
5
86%
6
86%
6
86%
7
86%
7
86%
8
86%
8
86%
9
86%
9
86%
1
85%
2
85%
5
85%
6
85%
7
85%
8
85%
9
85%
1
83%
1
83%
1
83%
1
83%
1
83%
1
83%
2
83%
2
83%
2
83%
2
83%
2
83%
2
83%
3
83%
3
83%
3
83%
3
83%
3
83%
3
83%
3
83%
4
83%
4
83%
4
83%
4
83%
4
83%
4
83%
4
83%
5
83%
5
83%
5
83%
5
83%
5
83%
5
83%
5
83%
6
83%
6
83%
6
83%
6
83%
6
83%
6
83%
6
83%
7
83%
7
83%
7
83%
7
83%
7
83%
7
83%
7
83%
8
83%
8
83%
8
83%
8
83%
8
83%
8
83%
8
83%
9
83%
9
83%
9
83%
9
83%
9
83%
9
83%
9
83%
1
82%
2
82%
3
82%
4
80%
5
80%
6
80%
7
80%
8
78%
1
77%
2
77%
3
77%
4
77%
5
77%
6
77%
7
77%
8
77%
9
77%
1
75%
2
75%
3
75%
4
75%
9
75%
5
74%
1
72%
2
72%
3
72%
4
72%
5
72%
6
72%
6
72%
7
72%
7
72%
8
72%
8
72%
9
72%
9
72%
1
71%
2
71%
3
71%
4
69%
5
69%
6
69%
7
69%
8
69%
9
69%
1
68%
1
68%
2
68%
2
68%
3
68%
3
68%
4
68%
4
68%
5
68%
6
68%
7
68%
8
68%
9
68%
5
65%
6
65%
7
65%
1
63%
2
63%
8
63%
9
63%
1
62%
1
62%
2
62%
2
62%
3
62%
3
62%
3
62%
4
62%
4
62%
4
62%
5
62%
5
62%
6
62%
6
62%
7
62%
7
62%
8
62%
8
62%
9
62%
9
62%
1
60%
2
60%
3
60%
4
60%
5
60%
5
60%
6
60%
7
60%
8
60%
9
60%
6
58%
7
58%
1
57%
1
57%
2
57%
2
57%
3
57%
3
57%
4
57%
4
57%
5
57%
6
57%
7
57%
8
57%
8
57%
9
57%
9
57%
5
55%
6
55%
7
55%
8
55%
1
54%
2
54%
3
54%
4
54%
9
54%
1
52%
2
52%
3
52%
4
52%
5
52%
5
52%
6
52%
6
52%
7
52%
7
52%
8
52%
8
52%
9
52%
9
52%

Distribution des résultats

Percentile par nombre de réponses

% des personnes avec chaque résultat

Votre développement - résultats

Vous n’avez pas pris ce quiz